000 00390pab a2200145 454500
008 180718b1983 xxu||||| |||| 00| 0 eng d
100 _aSemmence, A.M.
245 _aDevelopments in the Occupational health surveillance in the civil service
260 _c1983
300 _a98-103
362 _aMay
650 _aHealth Service - U.K.
773 _aManagement in Government
909 _a9714
999 _c9714
_d9714